| 000 | 00558nam a2200181Ia 4500 | ||
|---|---|---|---|
| 003 | OSt | ||
| 005 | 20260130144345.0 | ||
| 008 | 210210b1955 xxu||||| |||| 00| 0 eng d | ||
| 040 | _cAL | ||
| 041 | _aKannada | ||
| 082 | _a853/155 | ||
| 100 |
_aDASHARATHI DIKSHITA _9161053 _dದಾಶರಥಿ ದೀಕ್ಷಿತ್. |
||
| 245 |
_aAjji Asti mattu lambodara: _bಅಜ್ಜಿ ಆಸ್ತಿ ಮತ್ತು ಲಂಬೋಧರ |
||
| 260 |
_aBengaluru _bH N Rao Brothers _c1955 |
||
| 690 |
_aKannada Drama _9161054 |
||
| 906 | _a019425 | ||
| 942 |
_2ddc _cBK |
||
| 999 |
_c143544 _d143544 |
||